000 00986cam a2200253 4500
008 070625r20031998sp 000 0 spa u
020 _a8481554049 (o.c)
020 _a8481554057 (t.1)
035 _aa461866
245 0 0 _aHistoria de los derechos fundamentales/
_cdir.Gregorio Pece-Barbas Martínez ,Eusebio García Fernandez; coord. Francisco Javier Ansuátegui Roig, José Manuel Rodríguez Uribes.
250 _a1a ed.
260 _aMadrid, España:
_bDykinson,
_c2003
300 _av ;
_c24 cm.
504 _aIncluye Bibliografias e índices
505 0 _aContenido :
_gv.1
_tTrancito a la modernidad del siglo XVI y XVII
650 4 _aDerechos Humanos
_xHistoria
650 4 _aDerechos Humanos
700 1 _aPece-Barbas Martínez, Gregorio, dir.
700 1 _aFernandez García, Eusebio, dir.
700 1 _aAnsuátegui Roig, Francisco Javier, coord.
700 1 _aRodríguez Uribes, José Manuel, corrd.
942 _2lcc
_cLIB
999 _c116941
_d116941